Best NBA Players of all time for each team - Statistics

General Stats
  • This quiz has been taken 56 times
  • The average score is 18 of 30
Answer Stats
Hint Answer % Correct
Cleveland Cavaliers #23 LeBron James
93%
Chicago Bulls #23 Michael Jordan
93%
Orlando Magic #32 Shaquille O' Neal
90%
Houston Rockets #34 Hakeem Olajuwon
83%
Boston Celtics #6 Bill Russell
78%
Dallas Mavericks #41 Dirk Nowitzki
78%
Minnesota Timberwolves #21 Kevin Garnett
78%
Los Angeles Lakers #32 Magic Johnson
78%
Indiana Pacers #31 Reggie Miller
75%
Golden State Warriors #13 Wilt Chamberlain
75%
New York Knicks #33 Patrick Ewing
73%
New Orleans Hornets #3 Chris Paul
68%
Milwaukee Bucks #33 Kareem Abdul-Jabbar
68%
Philadelphia 76ers #6 Julius Erving
65%
Toronto Raptors #15 Vince Carter
63%
Detroit Pistons #11 Isiah Thomas
60%
Utah Jazz #32 Karl Malone
60%
San Antonio Kings #21 Tim Duncan
58%
Memphis Grizzlies #16 Pau Gasol
53%
Phoenix Suns #13 Steve Nash
53%
Portland Trail Blazers #32 Bill Walton
48%
Brooklyn Nets #5 Jason Kidd
48%
Oklahoma City Thunder #20 Gary Payton
45%
Sacramento Kings #14 Oscar Robertson
40%
Denver Nuggets #2 Alex English
38%
Atlanta Hawks #9 Bob Pettit
38%
Washington Wizards #41 Wes Unseld
38%
Miami Heat #3 Dwayne Wade
30%
Los Angeles Clippers #11 Bob McAdoo
15%
Charlotte Hornets #3 Gerald Wallace
3%
No matching quizzes found
Score Distribution
Percent of People with Each Score
Percentile by Number Answered
Your Score History
You have not taken this quiz